000
00216nam a22001097a 4500
041
_a
ENG
100
_a
Guide.S
245
_a
Hydraulics
260
_a
U.S.A
_b
John Deere
_c
1992
650
_a
FMP
856
_u
FMP ( 04 )
999
_c
1459
_d
1459